[Event "Plunge op-A 38th"]
[Site "Plateliai"]
[Date "2018.07.19"]
[Round "6"]
[White "Maciuityte, Greta"]
[Black "Novikovas, Anatolijus"]
[Result "1/2-1/2"]
[WhiteElo "1780"]
[BlackElo "1825"]
[PlyCount "60"]
[EventDate "2018.07.16"]
[EventType "swiss"]
[EventRounds "9"]
[EventCountry "LTU"]
[SourceTitle "EXT 2019"]
[Source "ChessBase"]
[SourceDate "2018.10.10"]
[SourceVersion "1"]
[SourceVersionDate "2018.10.10"]
[SourceQuality "1"]

1. e4 c5 2. d4 cxd4 3. c3 Nf6 4. e5 Nd5 5. cxd4 d6 6. Bc4 e6 7. Nf3 Nb6 8. Bb5+ Bd7 9. Bd3 Nc6 10. 0-0 dxe5 11. dxe5 Nb4 12. Be4 Bc6 13. Bxc6+ Nxc6 14. Qe2 Nd5 15. Rd1 Qa5 16. Nbd2 Be7 17. Nc4 Qc7 18. Ng5 h6 19. Nf3 0-0 20. Qe4 Rfd8 21. Qg4 Kf8 22. Qh3 b5 23. Bxh6 gxh6 24. Qxh6+ Ke8 25. Qh8+ Kd7 26. Rxd5+ exd5 27. Qh3+ Ke8 28. Qh8+ Kd7 29. Qh3+ Ke8 30. Qh8+ Kd7 1/2-1/2

[Event "Plunge op-A 38th"]
[Site "Plateliai"]
[Date "2018.07.17"]
[Round "3"]
[White "Juksta, Karolis"]
[Black "Maciuityte, Greta"]
[Result "1-0"]
[WhiteElo "2187"]
[BlackElo "1780"]
[PlyCount "55"]
[EventDate "2018.07.16"]
[EventType "swiss"]
[EventRounds "9"]
[EventCountry "LTU"]
[SourceTitle "EXT 2019"]
[Source "ChessBase"]
[SourceDate "2018.10.10"]
[SourceVersion "1"]
[SourceVersionDate "2018.10.10"]
[SourceQuality "1"]

1. d4 c5 2. d5 f5 3. e4 fxe4 4. Nc3 Nf6 5. Nge2 g6 6. Ng3 Bg7 7. Ngxe4 Nxe4 8. Nxe4 0-0 9. Be2 d6 10. 0-0 Bf5 11. Ng3 Nd7 12. h4 Ne5 13. h5 Qc8 14. Bg5 Rf7 15. f4 Ng4 16. Bxg4 Bxg4 17. Qd3 Bd4+ 18. Kh2 Bxb2 19. Rae1 Bf6 20. Bxf6 exf6 21. hxg6 Rg7 22. f5 hxg6 23. fxg6 Qd8 24. Rf4 f5 25. Nxf5 Bxf5 26. Qxf5 Qd7 27. Qh5 Re8 28. Rh4 1-0

[Event "Plunge op-A 38th"]
[Site "Plateliai"]
[Date "2018.07.16"]
[Round "1"]
[White "Sakalauskas, Vaidas"]
[Black "Maciuityte, Greta"]
[Result "1-0"]
[WhiteElo "2350"]
[BlackElo "1780"]
[PlyCount "65"]
[EventDate "2018.07.16"]
[EventType "swiss"]
[EventRounds "9"]
[EventCountry "LTU"]
[SourceTitle "EXT 2019"]
[Source "ChessBase"]
[SourceDate "2018.10.10"]
[SourceVersion "1"]
[SourceVersionDate "2018.10.10"]
[SourceQuality "1"]

1. d4 c5 2. d5 f5 3. Nc3 Nf6 4. Nf3 g6 5. e4 fxe4 6. Ng5 Bg7 7. Ngxe4 Nxe4 8. Nxe4 0-0 9. Bc4 d6 10. 0-0 Nd7 11. f4 Bd4+ 12. Kh1 Nf6 13. Ng5 h6 14. Nf3 Ng4 15. Nxd4 cxd4 16. Qxd4 Bf5 17. Bd3 Qc8 18. h3 Nf6 19. Kh2 Qd7 20. c4 a6 21. b3 Rac8 22. Bb2 Kh7 23. Rae1 Rf7 24. Bxf5 Qxf5 25. Re6 g5 26. Qe3 g4 27. Rxe7 Rcf8 28. Qe6 g3+ 29. Kxg3 Qg6+ 30. Kh2 Rxe7 31. Qxe7+ Rf7 32. Qe6 Rg7 33. Rf2 1-0

[Event "LTU-chT (Women)"]
[Site "Lithuania"]
[Date "2018.03.24"]
[Round "2.3"]
[White "Maciuityte, Greta"]
[Black "Perminaite, Guoda"]
[Result "1/2-1/2"]
[WhiteElo "1775"]
[BlackElo "1801"]
[PlyCount "70"]
[EventDate "2018.03.24"]
[EventType "team-tourn"]
[EventRounds "5"]
[EventCountry "LTU"]
[SourceTitle "EXT 2019"]
[Source "ChessBase"]
[SourceDate "2018.10.10"]
[SourceVersion "1"]
[SourceVersionDate "2018.10.10"]
[SourceQuality "1"]
[WhiteTeam "Plunge Bokstas (W)"]
[BlackTeam "Kaunas Margiris (W)"]
[WhiteTeamCountry "LTU"]
[BlackTeamCountry "LTU"]

1. e4 e5 2. Nf3 Nc6 3. d4 exd4 4. Bc4 Nf6 5. Nxd4 Bb4+ 6. c3 Bc5 7. Nxc6 bxc6 8. e5 Qe7 9. 0-0 Qxe5 10. b4 Be7 11. Re1 Qh5 12. Qxh5 Nxh5 13. Bg5 Nf6 14. Nd2 d5 15. Bd3 Be6 16. f4 Kd8 17. Nf3 h6 18. Bh4 Ng8 19. Bf2 Bf6 20. f5 Bd7 21. Bd4 Bxd4+ 22. cxd4 Ne7 23. Ne5 Rf8 24. g4 f6 25. Nxd7 Kxd7 26. Re6 Rfe8 27. b5 cxb5 28. Bxb5+ c6 29. Ba4 Rab8 30. Rc1 Rb6 31. Rce1 Rbb8 32. R1e2 Rb6 33. Kg2 Ra6 34. Bb3 Rb6 35. Ba4 Ra6 1/2-1/2

[Event "Plunge op 37th"]
[Site "Plateliai"]
[Date "2017.07.23"]
[Round "7"]
[White "Pupka, Paulius"]
[Black "Maciuityte, Greta"]
[Result "1/2-1/2"]
[WhiteElo "1319"]
[BlackElo "1779"]
[PlyCount "97"]
[EventDate "2017.07.17"]
[EventType "swiss"]
[EventRounds "9"]
[EventCountry "LTU"]
[SourceTitle "EXT 2019"]
[Source "ChessBase"]
[SourceDate "2018.10.10"]
[SourceVersion "1"]
[SourceVersionDate "2018.10.10"]
[SourceQuality "1"]

1. e4 d5 2. exd5 Nf6 3. Nf3 Nxd5 4. Bc4 c6 5. 0-0 Bg4 6. Bxd5 cxd5 7. d4 e6 8. Bf4 Be7 9. Nbd2 0-0 10. c3 Nd7 11. Qb3 b6 12. Ne5 Nxe5 13. Bxe5 Bh4 14. Bg3 f5 15. Nf3 Bf6 16. Ne5 Bh5 17. Nd3 Be2 18. Rfd1 Bxd1 19. Rxd1 Bh4 20. Re1 Bxg3 21. fxg3 Rf6 22. Nf4 Qd6 23. Qd1 g5 24. Nd3 Qf8 25. Ne5 Qh6 26. g4 Qh4 27. Rf1 f4 28. Rf3 Qh6 29. Rh3 Qg7 30. Qa4 Rff8 31. Rh5 h6 32. Qc6 Rfe8 33. Rh3 Qh7 34. Rd3 Rac8 35. Qa4 Rf8 36. Qd1 Qe4 37. Nd7 Rf7 38. Ne5 Rfc7 39. Rh3 Kg7 40. Rf3 b5 41. Nd3 a5 42. Nc5 Rxc5 43. dxc5 Rxc5 44. Rf1 Rc6 45. Re1 Qc4 46. a3 Qc5+ 47. Kh1 Qd6 48. Qd4+ Kf7 49. Qd3 1/2-1/2

[Event "Plunge op 37th"]
[Site "Plateliai"]
[Date "2017.07.22"]
[Round "6"]
[White "Maciuityte, Greta"]
[Black "Vasylius, Kestutis"]
[Result "0-1"]
[WhiteElo "1779"]
[BlackElo "2065"]
[PlyCount "66"]
[EventDate "2017.07.17"]
[EventType "swiss"]
[EventRounds "9"]
[EventCountry "LTU"]
[SourceTitle "EXT 2019"]
[Source "ChessBase"]
[SourceDate "2018.10.10"]
[SourceVersion "1"]
[SourceVersionDate "2018.10.10"]
[SourceQuality "1"]

1. e4 e5 2. Nf3 Nc6 3. d4 exd4 4. Bc4 Nf6 5. Nxd4 Bc5 6. Nf5 0-0 7. 0-0 d5 8. Nh6+ gxh6 9. Bxd5 Ne5 10. Bxh6 Bg4 11. Qc1 Nxd5 12. exd5 Qf6 13. Nc3 Qg6 14. Kh1 Rfe8 15. Qf4 Bf8 16. Bg5 Qf5 17. Qg3 Qxg5 18. f4 Qg7 19. fxe5 Rxe5 20. Rf4 Bh5 21. Qh4 Be7 22. Qh3 Bg6 23. Raf1 Rh5 24. Qf3 Bd6 25. Rg4 Bxh2 26. g3 Bxg3+ 27. Kg2 Be5 28. Ne4 Rh2+ 29. Kg1 Rxc2 30. Ng5 Rf8 31. Qh3 h5 32. Nxf7 Bd4+ 33. Kh1 hxg4 0-1

[Event "Plunge op 37th"]
[Site "Plateliai"]
[Date "2017.07.19"]
[Round "3"]
[White "Maciuityte, Greta"]
[Black "Baranauskas, Vitas"]
[Result "1-0"]
[WhiteElo "1779"]
[BlackElo "1314"]
[PlyCount "109"]
[EventDate "2017.07.17"]
[EventType "swiss"]
[EventRounds "9"]
[EventCountry "LTU"]
[SourceTitle "EXT 2019"]
[Source "ChessBase"]
[SourceDate "2018.10.10"]
[SourceVersion "1"]
[SourceVersionDate "2018.10.10"]
[SourceQuality "1"]

1. e4 e5 2. Nf3 Nc6 3. d4 exd4 4. Bc4 Bb4+ 5. c3 dxc3 6. bxc3 Bd6 7. Ng5 Ne5 8. Bb3 h6 9. f4 hxg5 10. fxe5 Bxe5 11. Bxf7+ Kxf7 12. Qd5+ Ke8 13. Qxe5+ Qe7 14. Qxe7+ Kxe7 15. Bxg5+ Ke8 16. 0-0 b6 17. Na3 Bb7 18. Nb5 Rc8 19. Nxa7 Ra8 20. Nb5 Rc8 21. a4 Nh6 22. a5 Nf7 23. Bf4 Ba6 24. Nxc7+ Rxc7 25. Bxc7 Bxf1 26. axb6 Ke7 27. Rxf1 Nd6 28. e5 Nb5 29. Ra1 Nxc7 30. bxc7 Rc8 31. Ra7 Ke6 32. Kf2 Kxe5 33. Ke3 Kd6 34. Kd4 Kc6 35. Ra6+ Kxc7 36. Rg6 Rh8 37. h3 Rh4+ 38. Kd3 Rh7 39. c4 d6 40. Kc3 Kd7 41. Kb3 Kc6 42. Ka4 Kd7 43. Kb5 Kc7 44. Rg4 Rh5+ 45. Kb4 Rh7 46. h4 Kc6 47. g3 Kd7 48. Rg5 Ke7 49. Rg6 Kd7 50. Kb5 Rh5+ 51. Kb6 Rh7 52. Rg5 Ke7 53. Kc6 Kf7 54. Kxd6 Rh6+ 55. Kd5 1-0

[Event "Plunge op 36th"]
[Site "Plateliai"]
[Date "2016.07.22"]
[Round "7"]
[White "Maciuityte, Greta"]
[Black "Narmontas, Raimondas"]
[Result "0-1"]
[WhiteElo "1744"]
[BlackElo "1983"]
[PlyCount "62"]
[EventDate "2016.07.18"]
[EventType "swiss"]
[EventRounds "9"]
[EventCountry "LTU"]
[SourceTitle "EXT 2018"]
[Source "ChessBase"]
[SourceDate "2017.10.13"]
[SourceVersion "1"]
[SourceVersionDate "2017.10.13"]
[SourceQuality "1"]

1. e4 c5 2. d4 cxd4 3. c3 dxc3 4. Nxc3 Nc6 5. Nf3 e6 6. Bc4 Nf6 7. 0-0 Qc7 8. Qe2 Ng4 9. Nb5 Qb8 10. h3 Nge5 11. Nxe5 Nxe5 12. Bf4 d6 13. Rfd1 a6 14. Bxe5 dxe5 15. Qd2 Be7 16. Qa5 0-0 17. Nc7 b6 18. Qxe5 Ra7 19. Bxa6 Qxc7 20. Qxc7 Rxc7 21. Bb5 Rd8 22. Re1 g6 23. b3 Bb7 24. Bc4 Ba3 25. Re2 Rcd7 26. f4 Rd1+ 27. Rxd1 Rxd1+ 28. Kh2 Rd4 29. f5 exf5 30. exf5 Bd6+ 31. g3 Rd1 0-1

[Event "Plunge op 35th"]
[Site "Plateliai"]
[Date "2015.07.21"]
[Round "2"]
[White "Daudaravicius, Adomas"]
[Black "Maciuityte, Greta"]
[Result "0-1"]
[WhiteElo "1180"]
[BlackElo "1538"]
[PlyCount "40"]
[EventDate "2015.07.20"]
[EventType "swiss"]
[EventRounds "9"]
[EventCountry "LTU"]
[SourceTitle "EXT 2018"]
[Source "ChessBase"]
[SourceDate "2017.10.13"]
[SourceVersion "1"]
[SourceVersionDate "2017.10.13"]
[SourceQuality "1"]

1. d4 c5 2. Nf3 cxd4 3. Nxd4 a6 4. b3 e6 5. Bb2 Nf6 6. g3 Bc5 7. Nd2 d5 8. N2f3 Qc7 9. Qd2 e5 10. Nb5 axb5 11. Bxe5 Qb6 12. Nd4 0-0 13. b4 Be7 14. e3 Ne4 15. Qe2 Bxb4+ 16. Kd1 Nc3+ 17. Kc1 Nxe2+ 18. Bxe2 Nc6 19. Nxc6 bxc6 20. Bd4 Qa5 0-1

[Event "Palanga op"]
[Site "Palanga"]
[Date "2015.06.19"]
[Round "7"]
[White "Maciuityte, Greta"]
[Black "Zuj Zaikovskis, Nikita"]
[Result "1/2-1/2"]
[WhiteElo "1534"]
[BlackElo "1844"]
[PlyCount "120"]
[EventDate "2015.06.15"]
[EventType "swiss"]
[EventRounds "9"]
[EventCountry "LTU"]
[SourceTitle "CBM 167 Extra"]
[Source "ChessBase"]
[SourceDate "2015.09.14"]
[SourceVersion "1"]
[SourceVersionDate "2015.09.14"]
[SourceQuality "1"]

1. e4 e6 2. d4 d5 3. e5 c5 4. c3 Qb6 5. Nf3 Nc6 6. Bd3 Bd7 7. 0-0 cxd4 8. cxd4 Nb4 9. Be2 Ne7 10. a3 Nbc6 11. Bd3 Ng6 12. Bc2 Be7 13. Nc3 0-0 14. b4 Rac8 15. Ne2 a5 16. bxa5 Nxa5 17. Nf4 Qd8 18. Nh5 Nc4 19. Bd3 Re8 20. Bxc4 dxc4 21. Qd2 Bf8 22. Rb1 Bc6 23. Qc3 Qd5 24. Bg5 Be7 25. Bxe7 Rxe7 26. Rbc1 Ra8 27. Qe3 Qe4 28. Qd2 Qg4 29. Ng3 Bxf3 30. gxf3 Qxf3 31. Qc3 Qxc3 32. Rxc3 b5 33. Rb1 Ra5 34. Kg2 Rd7 35. Ne2 f6 36. f4 fxe5 37. fxe5 Rf7 38. Kg3 Rf5 39. h4 Kf7 40. Kg4 Rf2 41. Re3 Ne7 42. Kg3 Rf5 43. Nc3 Nd5 44. Nxd5 exd5 45. e6+ Ke7 46. a4 Rf6 47. axb5 Rxe6 48. Rxe6+ Kxe6 49. b6 Ra8 50. Kf3 Rb8 51. Rb5 Rb7 52. Ke3 Kd6 53. Kd2 g6 54. Kc3 Kc6 55. Rc5+ Kd6 56. Rb5 Kc6 57. Rc5+ Kxb6 58. Rxd5 Rc7 59. h5 Rc6 60. hxg6 hxg6 1/2-1/2

[Event "Palanga op"]
[Site "Palanga"]
[Date "2015.06.17"]
[Round "4"]
[White "Maciuityte, Meda"]
[Black "Maciuityte, Greta"]
[Result "1/2-1/2"]
[WhiteElo "1644"]
[BlackElo "1534"]
[PlyCount "73"]
[EventDate "2015.06.15"]
[EventType "swiss"]
[EventRounds "9"]
[EventCountry "LTU"]
[SourceTitle "CBM 167 Extra"]
[Source "ChessBase"]
[SourceDate "2015.09.14"]
[SourceVersion "1"]
[SourceVersionDate "2015.09.14"]
[SourceQuality "1"]

1. d4 c5 2. e3 cxd4 3. exd4 d5 4. Nf3 Nf6 5. Nc3 Bg4 6. Bb5+ Bd7 7. Bxd7+ Nbxd7 8. 0-0 e6 9. Bf4 a6 10. h3 Be7 11. Ne2 Ne4 12. c3 0-0 13. Qc2 h6 14. Ng3 f5 15. Ne5 Nxe5 16. Bxe5 Bf6 17. Bxf6 Qxf6 18. Qd3 Qg6 19. Rfe1 Rac8 20. Qf3 Qg5 21. Re2 Rc6 22. Rd1 a5 23. Nf1 Qg6 24. Qf4 Ng5 25. Re3 Ne4 26. Rde1 a4 27. h4 Re8 28. f3 Nd6 29. Ng3 h5 30. b3 axb3 31. axb3 Rb6 32. Kh2 Kh7 33. Ne2 Nf7 34. b4 Rc6 35. b5 Rc4 36. Ng3 b6 37. Rd3 1/2-1/2

[Event "Palanga op"]
[Site "Palanga"]
[Date "2015.06.16"]
[Round "3"]
[White "Riakhovskii, Mark"]
[Black "Maciuityte, Greta"]
[Result "0-1"]
[WhiteElo "1410"]
[BlackElo "1534"]
[PlyCount "60"]
[EventDate "2015.06.15"]
[EventType "swiss"]
[EventRounds "9"]
[EventCountry "LTU"]
[SourceTitle "CBM 167 Extra"]
[Source "ChessBase"]
[SourceDate "2015.09.14"]
[SourceVersion "1"]
[SourceVersionDate "2015.09.14"]
[SourceQuality "1"]

1. e4 c5 2. Nf3 d6 3. d4 cxd4 4. Nxd4 Nf6 5. Nc3 a6 6. Be3 e6 7. f3 Be7 8. Qd2 0-0 9. 0-0-0 b5 10. g4 Bb7 11. h4 Nc6 12. g5 Nh5 13. Rg1 b4 14. Nce2 Qa5 15. Kb1 Ne5 16. Nb3 Qa4 17. Ned4 Rac8 18. Qe2 Nc4 19. Bf2 Nf4 20. Qe1 d5 21. exd5 Nxd5 22. Bxc4 Rxc4 23. Qe2 Rfc8 24. Bg3 a5 25. f4 Ba6 26. Qe1 Bc5 27. Nxc5 R4xc5 28. Rc1 Nc3+ 29. bxc3 bxc3 30. Nb3 Qa3 0-1

[Event "LTU-ch sf (Women)"]
[Site "Vilnius"]
[Date "2015.02.23"]
[Round "7"]
[White "Ramanauskaite, Giedre"]
[Black "Maciuityte, Greta"]
[Result "1/2-1/2"]
[WhiteElo "1969"]
[BlackElo "1645"]
[PlyCount "72"]
[EventDate "2015.02.18"]
[EventType "swiss"]
[EventRounds "8"]
[EventCountry "LTU"]
[SourceTitle "EXT 2018"]
[Source "ChessBase"]
[SourceDate "2017.10.13"]
[SourceVersion "1"]
[SourceVersionDate "2017.10.13"]
[SourceQuality "1"]

1. d4 c5 2. d5 f5 3. c4 g6 4. Nc3 Nf6 5. Nh3 Bg7 6. f3 0-0 7. Nf2 d6 8. e4 Na6 9. Bd3 fxe4 10. Nfxe4 Nxe4 11. Bxe4 Nc7 12. 0-0 a6 13. a4 Rb8 14. a5 b6 15. axb6 Rxb6 16. Qc2 Qe8 17. Bd2 Qf7 18. Rfe1 Ne8 19. Na4 Rb8 20. Bc3 Nf6 21. Bd3 Nh5 22. Bxg7 Qxg7 23. b3 Nf4 24. Be4 Qf6 25. Rad1 Qg5 26. Rb1 Bh3 27. g3 Bd7 28. Nc3 Nh3+ 29. Kh1 Qf6 30. f4 Nf2+ 31. Qxf2 Qxc3 32. Qe3 Qxe3 33. Rxe3 Kf7 34. Rbe1 Rfe8 35. Kg2 a5 36. Bc2 Ra8 1/2-1/2

[Event "LTU-ch sf (Women)"]
[Site "Vilnius"]
[Date "2015.02.18"]
[Round "1"]
[White "Maciuityte, Greta"]
[Black "Kaspute, Vesta"]
[Result "0-1"]
[WhiteElo "1645"]
[BlackElo "2062"]
[PlyCount "80"]
[EventDate "2015.02.18"]
[EventType "swiss"]
[EventRounds "8"]
[EventCountry "LTU"]
[SourceTitle "EXT 2018"]
[Source "ChessBase"]
[SourceDate "2017.10.13"]
[SourceVersion "1"]
[SourceVersionDate "2017.10.13"]
[SourceQuality "1"]

1. e4 c5 2. d4 cxd4 3. c3 d3 4. c4 Nf6 5. Bxd3 d6 6. Nc3 Nc6 7. Nf3 Bg4 8. Be2 Rc8 9. b3 e6 10. 0-0 Be7 11. h3 Bh5 12. Be3 0-0 13. Nd2 Bxe2 14. Qxe2 d5 15. exd5 exd5 16. cxd5 Nxd5 17. Nxd5 Qxd5 18. Rad1 Rfe8 19. Nc4 Qe6 20. Qf3 b5 21. Nd2 Bf6 22. Rfe1 Nd4 23. Bxd4 Qxe1+ 24. Rxe1 Rxe1+ 25. Kh2 Bxd4 26. Qf5 Ree8 27. Nf3 g6 28. Qxb5 Bxf2 29. Qd7 Be3 30. Qg4 f5 31. Qa4 Re4 32. Qd7 Bf4+ 33. Kg1 Rc1+ 34. Kf2 Rc2+ 35. Kg1 Bg3 36. Qd8+ Kg7 37. Qd7+ Kh6 38. Qd1 Ree2 39. h4 Bf4 40. h5 Rc1 0-1